Регионална библиотека "Любен Каравелов" - Русе

Обществена самопомощ в Дания, Швеция и Норвегия : Ч. 1 - 2 (Запис номер 406181)

MARC детайли
000 -Лидер
Контролно поле с фиксирана дължина 01618nam a2200373 c 4500
003 - Код на организацията, давaща контролен номер
Контролно поле BLK
005 - Дата и час на последна редакция
Контролно поле 20210412122950.0
008 - Елементи от данни с фиксирана дължина
fixed length control field 210407b bul|||||r ||||||| ||bul||
040 ## - Източник на каталожния запис
Идентификатор на билиотеката - собственик на записа BLK
041 ## - Код за език
Код за езика на текст/звукозапис или на отделно заглавие Български
Код за езика КДБФ Български
080 ## - УДК
Текстов определител УДК Общество (в цялост). Обществото като система. - Обществено развитие в цялост. Социология на отделните обществени системи
УДК код - определител по УДК 316.32
УДК определител (48)
УДК - код + определител 316.32(48)
100 ## - Редна дума - Автор
Автор Ханзен, Петър Готфрид
Авторска отговорност първи автор
R(LIN) 447015
139 ## - Редно поле
Редна дума Ханзен, Петър Готфрид
245 ## - Сведения за заглавието
Заглавие Обществена самопомощ в Дания, Швеция и Норвегия : Ч. 1 - 2
Редно поле (дума) Петър Ханзен ; прев. Хр. Д. Максимов.
257 ## - Страна на издаване
Страна на създаване/издаване Дания
260 ## - Област на издателските данни
Място на издаване, разпространение и проч. Пловдив
Година на издаване 1899
Печатница Пловдив : Труд
300 ## - Физическа характеристика
Страници 80 с.
Размери/Мащаб 23 см
380 ## - Жанр
Жанр Обществени науки
490 ## - СЕРИИ (Колекции)
9 (RLIN) 446735
Име на серия Сборник на педагогическо-общественото списание Учител
№: серия Т. 1, кн. 3 и 4
490 ## - СЕРИИ (Колекции)
9 (RLIN) 435080
Име на серия Колекция Редки и ценни издания
500 ## - Общи забележки
Забележка Двете части са в една книга с обща пагинация.
650 #4 - Допълнително описание по предмет – тема
Основно описание – тема или топоним Обществено устройство и обществени отношения
9 (RLIN) 242872
651 #7 - Допълнително описание по предмет - топоним
9 (RLIN) 178803
Географско понятие Дания
651 #7 - Допълнително описание по предмет - топоним
9 (RLIN) 179802
Географско понятие Швеция
651 #7 - Допълнително описание по предмет - топоним
9 (RLIN) 179287
Географско понятие Норвегия
653 ## - Ключова дума – ненормативна
Ключова дума обществено устройство
700 ## - Други автори (авторска отговорност)
Лично име Максимов, Христо Димитров
Автороска отговорност (Описва отношението между автора и произведението) прев.
9 (RLIN) 314741
852 ## - Местоположение
Форматна сигнатура Рб 899
Фондова буква Редки и ценни
856 4# - Електронен адрес и достъп
Електронен формат pdf - файл
856 4# - Електронен адрес и достъп
Електронен формат pdf - файл
999 ## - СИСТЕМНИ КОНТРОЛНИ НОМЕРА
Koha biblionumber 406181
Koha biblioitemnumber 406181
942 ## - АРТИКУЛИ
Вид на библиотечния материал Книги
Скрит в OPAC Не
Периодичен библиозапис Да
944 ## - СЪЗДАВАНЕ И РЕДАКЦИЯ на ЗАПИСА
Създаване/Редакция Създаване
Дата на регистрацията/редакция 2021-04-07
Служител, извършил регистрацията/редакцията ДГ
999 ## - СИСТЕМНИ КОНТРОЛНИ НОМЕРА
Koha biblioitemnumber 406181
Наличности
Код за отписване Код за изгубен артикул Източник на класификационната схема Код за повреда Коз за рестрикции Код за отдаване Артикулен № Име на библиотеката - собственик Име на библиотеката, в която се намира в момента Статус (Текущо местоположение) Дата на вписване в системата Местоположение - отдел Цена в лева Инвентарен номер Систематично азбучна сигнатура Баркод Цена в евро Служебен тип на артикула
  Не е изгубен Universal Decimal Classification Не е повреден само за читалня Специални фондове ( старопечатни, редки и ценни, фонд М. Арнаудов) 853208 Регионална библиотека "Любен Каравелов" Русе Регионална библиотека "Любен Каравелов" Русе Редки и ценни 2021-09-20 Редки и ценни 0.11 20389 Рб 899 900000046222 0.06 Книги
Vip Innovations Ltd, Rousse, Bulgaria 2025